Słowka angielski - Statystyki

Ogólne statystyki
  • Ten quiz został rozwiązany 33 razy
    31 od ostatniego zresetowania
  • Średni wynik to 5 z 20
Statystyki odpowiedzi
Hint Odpowiedź % Poprawnych
kostium costume
100%
slawa fame
100%
wizerunek image
100%
selfie selfie
100%
udostepniac share
100%
dzika przyroda wildlife
100%
oglosic announce
75%
arcydzieło masterpiece
75%
fotograf photographer
75%
niesamowity amazing
67%
tlo background
67%
złożony complex
67%
nowoczesny modern
67%
tajemniczy mysterious
67%
malowac paint
67%
malarstwo painting
67%
irytujacy annoying
60%
abstrakcyjny abstract
50%
aktorstwo acting
50%
kompozycja composition
50%
rysunek drawing
50%
edytowac/przerabiac edit
50%
filmowiec film-maker
50%
publicznosc na zywo live audience
50%
zrobic wrazenie make an impression
50%
orkiestra orchestra
50%
malarz painter
50%
fotografia photography
50%
mocny powerful
50%
recenzja review
50%
zrecenzowac review
50%
rzezba sculpture
50%
wyjatkowy unique
50%
kompozytor composer
43%
wystawa exhibition
40%
rzezbiarz sculptor
40%
dodawać filtry add filters
33%
prawa autorskie copyright
33%
projektant designer
33%
zaintrygowany intrigued
33%
grac na instrumencie play an instrument
33%
zespol rockowy rock band
33%
widownia audience
25%
reżyser director
25%
stac sie wiralem go viral
25%
projektowanie graficzne graphic design
25%
robiacy wrazenie impressive
25%
wystepowac perform
25%
fotografowac photograph
25%
kijek do selfi selfie stick
25%
autoportret self-portrait
25%
gatunek species
25%
dzielo sztuki work of art
25%
eksponat exhibit
20%
rzezbic sculpt
20%
staromodny old-fashioned
13%
przypadkowy accidental
0%
grac act
0%
architektura architecture
0%
pracownia artystyczna art studio
0%
przesluchanie audition
0%
odważny/krzykliwy bold
0%
potracic bump
0%
schwytac capture
0%
ratusz city hall
0%
szatnia cloakroom
0%
zblizenie close-up
0%
niejasny confusing
0%
wspolczesny contemporary
0%
batalia sadowa court battle
0%
milosnik sztuki culture vulture
0%
przygnębiajacy depressing
0%
projekowac/projekt design
0%
wystawic display
0%
rozpraszac distract
0%
przeszkadzac disturb
0%
szkoła aktorska drama school
0%
okropny/straszny dreadful
0%
pelen emocji emotional
0%
zachecony encouraged
0%
wyjatkowy exceptional
0%
prejektowanie mody fashion design
0%
skupic sie (na czyms) focus on
0%
koncert gig
0%
wspanialy gorgeous
0%
grafiti graffiti art
0%
pomyslowy imaginative
0%
ostry in focus
0%
instalacja installation art
0%
przerwa interval
0%
radosny joyful
0%
krajobraz landscape
0%
oswietlenie lighting
0%
magiczny magical
0%
glowna rola main part
0%
wzruszajacy moving
0%
przestrzegac zasad observe/follow the rules
0%
nieostry out of focus
0%
wybitny outstanding
0%
pędzel paintbrush
0%
sztuka play
0%
nacisnac spust migawki press the shutter
0%
sztycharz printmaker
0%
wystawic sztuke/przedstawienie put on a play/performance
0%
odstraszac kogos put sb off
0%
osiagnac porozumienie reach an agreement
0%
byc super/wymiatac rock
0%
przerazajacy scary
0%
szkolna aula school hall
0%
zaaranzowac sesje zdjeciowa set up a photo shoot
0%
spiewac w zespole sing in a band
0%
autor piosenek songwriter
0%
zachwycajacy stunning
0%
teleobiektyw telephoto lens
0%
zespol teatralny theatre group
0%
sztuka widowiskowa the performing arts
0%
traktowanie treatment
0%
statyw tripod
0%
sztuki wizualne visual arts
0%
fotograf dzikiej przyrody wildlife photographer
0%
Nie znaleziono quizów pasujących do podanych kryteriów
Rozkład punktacji
Procent ludzi z każdym wynikiem
Percentyl według liczby udzielonych odpowiedzi
Twoja historia wyników
Nie rozwiązałeś tego quizu od ostatniego zresetowania